000 00349nam a22001457a 4500
020 _a8121900093
082 _a425WRE
_b1
100 _aWREN,P.C.
245 _aHigh School English Grammar and Composition
260 _aINDIA
_c2012
300 _aViii,:ill,376p.24cm.
650 _aEnglish Grammer
700 _aP.C. WREN and H.MARTIN
942 _cBK
999 _c16956
_d16956